<?xml version="1.0" encoding="UTF-8"?>
<record
    xmlns:xsi="http://www.w3.org/2001/XMLSchema-instance"
    xsi:schemaLocation="http://www.loc.gov/MARC21/slim http://www.loc.gov/standards/marcxml/schema/MARC21slim.xsd"
    xmlns="http://www.loc.gov/MARC21/slim">

  <leader>00856    a2200277   4500</leader>
  <controlfield tag="005">20251119105623.0</controlfield>
  <controlfield tag="008">251119b        |||||||| |||| 00| 0 eng d</controlfield>
  <datafield tag="041" ind1=" " ind2=" ">
    <subfield code="a">Fr</subfield>
  </datafield>
  <datafield tag="044" ind1=" " ind2=" ">
    <subfield code="a">CIV</subfield>
  </datafield>
  <datafield tag="090" ind1=" " ind2=" ">
    <subfield code="b">DG/N/3096</subfield>
  </datafield>
  <datafield tag="100" ind1=" " ind2=" ">
    <subfield code="a">KOUAME, N'goran Noe</subfield>
  </datafield>
  <datafield tag="110" ind1=" " ind2=" ">
    <subfield code="a">Centre National de Recherche Agronomique</subfield>
  </datafield>
  <datafield tag="110" ind1=" " ind2=" ">
    <subfield code="b">Cote d'Ivoire</subfield>
  </datafield>
  <datafield tag="245" ind1=" " ind2=" ">
    <subfield code="a">Suivi et vente des productions du Centre National de Recherche Agronomique (CNRA)</subfield>
    <subfield code="b">: (Rapport de stage, brevet de Technicien Superieur, option Gestion Commerciale)</subfield>
  </datafield>
  <datafield tag="260" ind1=" " ind2=" ">
    <subfield code="a">Abidjan</subfield>
  </datafield>
  <datafield tag="260" ind1=" " ind2=" ">
    <subfield code="b">CNRA</subfield>
  </datafield>
  <datafield tag="260" ind1=" " ind2=" ">
    <subfield code="b">IFSM</subfield>
  </datafield>
  <datafield tag="260" ind1=" " ind2=" ">
    <subfield code="c">Juil 2025</subfield>
  </datafield>
  <datafield tag="302" ind1=" " ind2=" ">
    <subfield code="a">33 p.</subfield>
  </datafield>
  <datafield tag="388" ind1=" " ind2=" ">
    <subfield code="a">2025-11-19</subfield>
  </datafield>
  <datafield tag="650" ind1=" " ind2=" ">
    <subfield code="2">AGROVOC</subfield>
    <subfield code="g">CNRA</subfield>
  </datafield>
  <datafield tag="650" ind1=" " ind2=" ">
    <subfield code="g">Suivi</subfield>
    <subfield code="2">AGROVOC</subfield>
  </datafield>
  <datafield tag="650" ind1=" " ind2=" ">
    <subfield code="g">Vente</subfield>
    <subfield code="2">AGROVOC</subfield>
  </datafield>
  <datafield tag="650" ind1=" " ind2=" ">
    <subfield code="g">Production</subfield>
    <subfield code="2">AGROVOC</subfield>
  </datafield>
  <datafield tag="856" ind1=" " ind2=" ">
    <subfield code="u">https://ftech.byethost7.com/wp-content/uploads/2025/11/DGN3096.docx</subfield>
  </datafield>
  <datafield tag="999" ind1=" " ind2=" ">
    <subfield code="c">5992</subfield>
    <subfield code="d">5992</subfield>
  </datafield>
  <datafield tag="952" ind1=" " ind2=" ">
    <subfield code="0">0</subfield>
    <subfield code="1">0</subfield>
    <subfield code="2">udc</subfield>
    <subfield code="4">0</subfield>
    <subfield code="6">DGN3096</subfield>
    <subfield code="7">0</subfield>
    <subfield code="9">4577</subfield>
    <subfield code="a">CGC</subfield>
    <subfield code="b">CGC</subfield>
    <subfield code="d">2025-11-19</subfield>
    <subfield code="l">0</subfield>
    <subfield code="o">DG/N/3096</subfield>
    <subfield code="r">2025-11-19 10:52:00</subfield>
    <subfield code="u">https://ftech.byethost7.com/wp-content/uploads/2025/11/DGN3096.docx</subfield>
    <subfield code="w">2025-11-19</subfield>
    <subfield code="y">BK</subfield>
  </datafield>
</record>
